<?xml version="1.0" encoding="UTF-8"?><?xml-stylesheet type="text/xsl" href="static/style.xsl"?><OAI-PMH xmlns="http://www.openarchives.org/OAI/2.0/" xmlns:xsi="http://www.w3.org/2001/XMLSchema-instance" xsi:schemaLocation="http://www.openarchives.org/OAI/2.0/ http://www.openarchives.org/OAI/2.0/OAI-PMH.xsd"><responseDate>2026-04-28T19:28:07Z</responseDate><request verb="GetRecord" identifier="oai:uvadoc.uva.es:10324/52809" metadataPrefix="marc">https://uvadoc.uva.es/oai/request</request><GetRecord><record><header><identifier>oai:uvadoc.uva.es:10324/52809</identifier><datestamp>2022-04-26T12:38:34Z</datestamp><setSpec>com_10324_1152</setSpec><setSpec>com_10324_931</setSpec><setSpec>com_10324_894</setSpec><setSpec>col_10324_1282</setSpec></header><metadata><record xmlns="http://www.loc.gov/MARC21/slim" xmlns:doc="http://www.lyncode.com/xoai" xmlns:xsi="http://www.w3.org/2001/XMLSchema-instance" xmlns:dcterms="http://purl.org/dc/terms/" xsi:schemaLocation="http://www.loc.gov/MARC21/slim http://www.loc.gov/standards/marcxml/schema/MARC21slim.xsd">
<leader>00925njm 22002777a 4500</leader>
<datafield tag="042" ind1=" " ind2=" ">
<subfield code="a">dc</subfield>
</datafield>
<datafield tag="720" ind1=" " ind2=" ">
<subfield code="a">López Jimeno, María del Amor</subfield>
<subfield code="e">author</subfield>
</datafield>
<datafield tag="260" ind1=" " ind2=" ">
<subfield code="c">2008</subfield>
</datafield>
<datafield tag="520" ind1=" " ind2=" ">
<subfield code="a">Es reseña de : Eleni Leontaridi, Los tiempos del pasado del indicativo en español y en griego moderno, Biblioteca virtual redELE, n° 9 (segundo semestre 2008) ISSN 1697- 9346</subfield>
</datafield>
<datafield tag="024" ind2=" " ind1="8">
<subfield code="a">Estudios Neogriegos. Revista Científica de la Sociedad Hispánica de Estudios Neogriegos, 2008,  n. 11, p. 165-167</subfield>
</datafield>
<datafield tag="024" ind2=" " ind1="8">
<subfield code="a">1137-7003</subfield>
</datafield>
<datafield tag="024" ind2=" " ind1="8">
<subfield code="a">https://uvadoc.uva.es/handle/10324/52809</subfield>
</datafield>
<datafield tag="024" ind2=" " ind1="8">
<subfield code="a">165</subfield>
</datafield>
<datafield tag="024" ind2=" " ind1="8">
<subfield code="a">11</subfield>
</datafield>
<datafield tag="024" ind2=" " ind1="8">
<subfield code="a">167</subfield>
</datafield>
<datafield tag="024" ind2=" " ind1="8">
<subfield code="a">Estudios Neogriegos. Revista Científica de la Sociedad Hispánica de Estudios Neogriegos</subfield>
</datafield>
<datafield ind1=" " ind2=" " tag="653">
<subfield code="a">Griego (Lengua) - Estudio y enseñanza</subfield>
</datafield>
<datafield ind1=" " ind2=" " tag="653">
<subfield code="a">Español (lengua) - Estudio y enseñanza</subfield>
</datafield>
<datafield ind1=" " ind2=" " tag="653">
<subfield code="a">Griego (Lengua) - Verbo</subfield>
</datafield>
<datafield ind1=" " ind2=" " tag="653">
<subfield code="a">Español (Lengua) - Verbo</subfield>
</datafield>
<datafield tag="245" ind1="0" ind2="0">
<subfield code="a">Eleni Leontaridi, Los  tiempos  del  pasado  del  indicativo  en  español  y  en  griego moderno</subfield>
</datafield>
</record></metadata></record></GetRecord></OAI-PMH>